000 00237nam a2200109Ia 4500
008 190216s9999||||xx |||||||||||||| ||und||
100 _aGupta R L
245 0 _aAdvanced Accountancy
260 _bNull
_c1978
300 _a3175p
942 _cBK
999 _c4347
_d4347